000 00246nam a2200097Ia 4500
001 789751
005 20250826170424.0
008 250824s9999 xx 000 0 und d
245 0 _aLEONARDO DA VİNCİ
_cANTONİO TELLO
260 _bJOHANNA A.BAOCCARDO
999 _c789751
_d789751